<?xml version="1.0" encoding="UTF-8"?>
<collection xmlns="http://www.loc.gov/MARC21/slim">
 <record>
  <leader>02519nam a2200205Ia 4500</leader>
  <controlfield tag="001">TDMU_32377</controlfield>
  <controlfield tag="008">210410s9999    xx            000 0 und d</controlfield>
  <datafield tag="082" ind1=" " ind2=" ">
   <subfield code="a">361.3023</subfield>
  </datafield>
  <datafield tag="090" ind1=" " ind2=" ">
   <subfield code="b">H109</subfield>
  </datafield>
  <datafield tag="100" ind1=" " ind2=" ">
   <subfield code="a">Hasenfeld, Yeheskel</subfield>
  </datafield>
  <datafield tag="245" ind1=" " ind2="0">
   <subfield code="a">Human services as complex organizations</subfield>
  </datafield>
  <datafield tag="245" ind1=" " ind2="0">
   <subfield code="c">edited by Yeheskel Hasenfeld</subfield>
  </datafield>
  <datafield tag="260" ind1=" " ind2=" ">
   <subfield code="a">Newbury Park, Calif.</subfield>
  </datafield>
  <datafield tag="260" ind1=" " ind2=" ">
   <subfield code="b">Sage</subfield>
  </datafield>
  <datafield tag="260" ind1=" " ind2=" ">
   <subfield code="c">1992</subfield>
  </datafield>
  <datafield tag="300" ind1=" " ind2=" ">
   <subfield code="a">xi, 400 p.</subfield>
  </datafield>
  <datafield tag="520" ind1=" " ind2=" ">
   <subfield code="a">Includes bibliographical references and index; Neal A. Newfield, Ph.D., LICSW (Giver)</subfield>
   <subfield code="d">2017; Understanding human service organizations. The nature of human service organizations ; Theoretical approaches to human service organizations / Yeheskel Hasenfeld -- Linking the organization to its environment. The institutional ecology of human service organizations / David J. Tucker, Joel A.C. Baum, Jitendra V. Singh -- Nonprofit human service organizations : funding strategies and patterns of adaptation / Kirsten A. Gronbjerg -- Executive leadership in human service organizations / Hillel Schmid -- Ideology, professional work, and technology. The ideational system of social movement agencies : an examination of feminist health centers / Cheryl Hyde -- Professional work / Andrew Abbott -- Diagnosis and uncertainty in mental health organizations / Stuart A. Kirk, Herb Kutchins -- Structure and technology in human service organizations / Charles Glisson -- Working in human service organizations. Patriarchy and social welfare work / Paula L. Dressel -- Job satisfaction in the public social services : perspectives on structure, situational factors, gender, and ethnicity / R.L. McNeely; (cont.) Client-organization relations. Power in social work practice / Yeheskel Hasenfeld -- Dependency and discretion / Joel F. Handler -- Empowerment of clients. Empowerment, political analyses, and services for women / Naomi Gottlieb -- Empowering ethnic minorities in the twenty-first century : the role of human service organizations / Lorraine M. Gutierrez -- The effectiveness of human services. The effectiveness of human service organizations : a comparison of models / Thomas D'Aunno -- Evaluating the effectiveness of countywide mental health care systems / Oscar Grusky, Kathleen Tierney.</subfield>
  </datafield>
  <datafield tag="650" ind1=" " ind2=" ">
   <subfield code="a">Human services</subfield>
   <subfield code="z">United States</subfield>
   <subfield code="x">Management; Complex organizations</subfield>
   <subfield code="z">United States; Dịch vụ con người</subfield>
   <subfield code="z">Hoa Kỳ</subfield>
   <subfield code="x">Quản lý; </subfield>
  </datafield>
  <datafield tag="856" ind1=" " ind2=" ">
   <subfield code="u">http://lrc.tdmu.edu.vn/opac/search/detail.asp?aID=2&amp;ID=32377</subfield>
  </datafield>
  <datafield tag="980" ind1=" " ind2=" ">
   <subfield code="a">Trung tâm Học liệu Trường Đại học Thủ Dầu Một</subfield>
  </datafield>
 </record>
</collection>
